[Event "OP-2018-0-04504"]
[Site "LSS email"]
[Date "2018.01.04"]
[Round "?"]
[White "Stertenbrink, Guenter"]
[Black "Oberlaender, Rolf"]
[Result "1-0"]
[WhiteElo "2000"]
[BlackElo "769"]
[PlyCount "69"]
[EventDate "2017.12.29"]
[EventType "tourn (corr)"]
[EventRounds "4"]
[EventCountry "GER"]
[SourceTitle "Corr 2022"]
[Source "ChessBase"]
[SourceDate "2021.10.24"]
[SourceVersion "1"]
[SourceVersionDate "2021.10.24"]
[SourceQuality "1"]

1. e4 e5 2. Nf3 Nf6 3. Nxe5 d6 4. Nf3 Nxe4 5. d4 d5 6. Bd3 Bb4+ 7. c3 Be7 8. Nbd2 Nf6 9. 0-0 0-0 10. Re1 Bd6 11. Ne5 Re8 12. Ndf3 Nbd7 13. Bg5 h6 14. Bh4 c6 15. Re3 Qc7 16. Nxd7 Rxe3 17. Nxf6+ gxf6 18. fxe3 Bg4 19. Qd2 Be7 20. Rf1 Kf8 21. e4 Ke8 22. exd5 cxd5 23. Qxh6 Qb6 24. Qh8+ Bf8 25. Qxf6 Qxf6 26. Bxf6 Bd6 27. Bb5+ Kf8 28. Ne5 Kg8 29. Nxg4 Bf8 30. Ne5 a6 31. Bd3 Bg7 32. Bxg7 Kxg7 33. Rxf7+ Kh6 34. h4 b5 35. Rh7# 1-0

[Event "Bundesliga 9091"]
[Site "Germany"]
[Date "1991.??.??"]
[Round "?.4"]
[White "Pirrot, Dieter"]
[Black "Stertenbrink, Guenter"]
[Result "1-0"]
[WhiteElo "2325"]
[BlackElo "2280"]
[PlyCount "71"]
[EventDate "1990.10.06"]
[EventType "team-tourn"]
[EventRounds "15"]
[EventCountry "GER"]
[SourceTitle "GER-chT"]
[Source "ChessBase"]
[SourceDate "1999.07.01"]
[SourceVersion "1"]
[SourceVersionDate "1999.07.01"]
[SourceQuality "1"]
[WhiteTeam "Heidelberg"]
[BlackTeam "Bielefeld"]
[WhiteTeamCountry "GER"]
[BlackTeamCountry "GER"]

1. e4 c5 2. c3 d5 3. exd5 Qxd5 4. d4 e6 5. Nf3 Nf6 6. Be2 Nc6 7. 0-0 Be7 8. c4 Qd7 9. dxc5 Bxc5 10. Nc3 0-0 11. Bg5 b6 12. Qc1 Be7 13. Rd1 Qb7 14. Nd4 Nxd4 15. Rxd4 Bd7 16. Ne4 Nxe4 17. Bxe7 Rfe8 18. Ba3 e5 19. Rd1 Rad8 20. Qe3 f6 21. Rd5 Ng5 22. Rad1 Nf7 23. c5 Be6 24. Rxd8 Rxd8 25. Rxd8+ Nxd8 26. b3 Bd5 27. f4 Nf7 28. Bb2 Qc6 29. fxe5 fxe5 30. cxb6 Qxb6 31. Qxb6 axb6 32. Kf2 Kf8 33. Bc1 Ke7 34. Be3 Nd6 35. Bd3 Be4 36. Be2 1-0

[Event "Bundesliga 9091"]
[Site "Germany"]
[Date "1991.??.??"]
[Round "?.6"]
[White "Stertenbrink, Guenter"]
[Black "Breutigam, Martin"]
[Result "1/2-1/2"]
[WhiteElo "2280"]
[BlackElo "2330"]
[PlyCount "80"]
[EventDate "1990.10.06"]
[EventType "team-tourn"]
[EventRounds "15"]
[EventCountry "GER"]
[SourceTitle "GER-chT"]
[Source "ChessBase"]
[SourceDate "1999.07.01"]
[SourceVersion "1"]
[SourceVersionDate "1999.07.01"]
[SourceQuality "1"]
[WhiteTeam "Bielefeld"]
[BlackTeam "Delmenhorst"]
[WhiteTeamCountry "GER"]
[BlackTeamCountry "GER"]

1. e4 d6 2. d4 Nf6 3. f3 e5 4. dxe5 dxe5 5. Qxd8+ Kxd8 6. Bc4 Ke8 7. Nc3 c6 8. f4 Nbd7 9. Nf3 Bd6 10. g3 b5 11. Bd3 Bb7 12. 0-0 h6 13. a4 a6 14. Bd2 Ke7 15. Rae1 Rhe8 16. axb5 axb5 17. fxe5 Nxe5 18. Nh4 Bc8 19. Nf5+ Bxf5 20. exf5 Kf8 21. Ne4 Nxd3 22. cxd3 Nxe4 23. Rxe4 Bc5+ 24. Kh1 Rxe4 25. dxe4 Ra2 26. Rc1 Rxb2 27. Rxc5 Rxd2 28. Rxc6 f6 29. Rb6 Rb2 30. Rb7 b4 31. g4 b3 32. h4 Ke8 33. g5 hxg5 34. hxg5 fxg5 35. e5 Re2 36. Rb8+ Ke7 37. f6+ gxf6 38. exf6+ Kxf6 39. Rxb3 g4 40. Kg1 Kg5 1/2-1/2

[Event "BL2-West 8990"]
[Site "Germany"]
[Date "1990.??.??"]
[Round "?.3"]
[White "Stertenbrink, Guenter"]
[Black "Hermesmann, Hans"]
[Result "0-1"]
[WhiteElo "2280"]
[BlackElo "2245"]
[PlyCount "74"]
[EventDate "1989.10.??"]
[EventType "team-tourn"]
[EventRounds "9"]
[EventCountry "GER"]
[SourceTitle "GER-chT2"]
[Source "ChessBase"]
[SourceDate "1999.07.01"]
[SourceVersion "1"]
[SourceVersionDate "1999.07.01"]
[SourceQuality "1"]
[WhiteTeam "Bielefeld"]
[BlackTeam "Castrop Rauxel"]
[WhiteTeamCountry "GER"]
[BlackTeamCountry "GER"]

1. c4 g6 2. d4 Bg7 3. e4 d6 4. Be3 Nf6 5. f3 0-0 6. Bd3 b6 7. Ne2 Nfd7 8. Qd2 c5 9. Nbc3 Nc6 10. Bc2 e5 11. dxc5 dxc5 12. Qd5 Bb7 13. Ba4 Qc8 14. 0-0-0 Nf6 15. Qd2 Nd4 16. Nd5 Nxd5 17. cxd5 b5 18. Bxd4 cxd4+ 19. Bc2 a5 20. Kb1 f5 21. Bd3 fxe4 22. fxe4 Rf2 23. Qg5 Qf8 24. Qg3 a4 25. Bxb5 a3 26. b3 Bxd5 27. exd5 Qf5+ 28. Qd3 Rxe2 29. Qxf5 Rb2+ 30. Ka1 gxf5 31. Rb1 Rxg2 32. Rbg1 Rc2 33. Rc1 d3 34. Bxd3 e4+ 35. Kb1 Rb2+ 36. Ka1 Rxb3+ 37. Rc3 Bxc3# 0-1

[Event "BL2-West 8990"]
[Site "Germany"]
[Date "1989.??.??"]
[Round "?.3"]
[White "Stertenbrink, Guenter"]
[Black "Rottstaedt, Werner"]
[Result "1-0"]
[WhiteElo "2280"]
[BlackElo "2265"]
[PlyCount "97"]
[EventDate "1989.10.??"]
[EventType "team-tourn"]
[EventRounds "9"]
[EventCountry "GER"]
[SourceTitle "GER-chT2"]
[Source "ChessBase"]
[SourceDate "1999.07.01"]
[SourceVersion "1"]
[SourceVersionDate "1999.07.01"]
[SourceQuality "1"]
[WhiteTeam "Bielefeld"]
[BlackTeam "Katernberg"]
[WhiteTeamCountry "GER"]
[BlackTeamCountry "GER"]

1. e4 c6 2. d4 d5 3. Nc3 dxe4 4. Nxe4 Nd7 5. Bc4 Ngf6 6. Ng5 e6 7. Qe2 Nb6 8. Bd3 h6 9. N5f3 c5 10. dxc5 Bxc5 11. Ne5 Nbd7 12. Ngf3 Nxe5 13. Nxe5 0-0 14. 0-0 b6 15. Rd1 Qe7 16. b4 Bd6 17. Bf4 Nd5 18. Bd2 Bb7 19. a3 Qc7 20. Re1 Bxe5 21. Qxe5 Qxe5 22. Rxe5 Rfd8 23. a4 a6 24. h3 Rac8 25. Ree1 Kf8 26. f3 Ke7 27. Be4 Rc7 28. Bd3 Rcc8 29. Kf2 Nf6 30. Red1 Bd5 31. Be3 Nd7 32. Bf4 e5 33. Re1 f6 34. Be3 Bc4 35. Be4 b5 36. Bb7 Rc7 37. Bxa6 Rdc8 38. axb5 Rb8 39. Ra5 Nb6 40. Bc5+ Ke6 41. Rd1 Rd7 42. Rxd7 Nxd7 43. Ba7 Rd8 44. Bb7 Nb8 45. Ke1 h5 46. Bb6 Re8 47. Bc7 Kd7 48. b6 Be6 49. Ra8 1-0

[Event "BL2-West 8889"]
[Site "Germany"]
[Date "1989.??.??"]
[Round "?.1"]
[White "Stertenbrink, Guenter"]
[Black "Watson, William N"]
[Result "0-1"]
[WhiteElo "2280"]
[BlackElo "2505"]
[PlyCount "106"]
[EventDate "1988.10.??"]
[EventType "team-tourn"]
[EventRounds "9"]
[EventCountry "GER"]
[SourceTitle "GER-chT2"]
[Source "ChessBase"]
[SourceDate "1999.07.01"]
[SourceVersion "1"]
[SourceVersionDate "1999.07.01"]
[SourceQuality "1"]
[WhiteTeam "Enger Spenge"]
[BlackTeam "Wuppertal"]
[WhiteTeamCountry "GER"]
[BlackTeamCountry "GER"]

1. e4 c5 2. Nf3 d6 3. d4 cxd4 4. Nxd4 Nf6 5. Nc3 g6 6. Be3 Bg7 7. f3 0-0 8. Qd2 Nc6 9. 0-0-0 d5 10. exd5 Nxd5 11. Nxc6 bxc6 12. Bd4 e5 13. Bc5 Be6 14. Ne4 Re8 15. c4 Qc7 16. Bd6 Qb6 17. Bc5 Qc7 18. Bd6 Qd8 19. Ba3 Nb6 20. Qxd8 Rexd8 21. Rxd8+ Rxd8 22. b3 Bh6+ 23. Kc2 f5 24. Nd6 Nc8 25. Nxc8 Rd2+ 26. Kc3 Rxa2 27. Ne7+ Kf7 28. Nxc6 Rxa3 29. Kb2 Bf8 30. Nxe5+ Kf6 31. f4 g5 32. g3 a5 33. Bd3 gxf4 34. gxf4 a4 35. Bc2 axb3 36. Bxb3 Ra7 37. Rd1 Rg7 38. Rd2 Bc5 39. Re2 h5 40. Kc3 h4 41. Ba4 h3 42. Nd3 Rg2 43. Bd1 Bg1 44. Ne1 Rxh2 45. Rxh2 Bxh2 46. Nd3 Bg1 47. Bf3 Ke7 48. Nc1 Kd6 49. Ne2 Bf2 50. Nd4 Bd7 51. Kd3 Bxd4 52. Kxd4 Bc6 53. Ke3 h2 0-1

[Event "BL2-West 8788"]
[Site "Germany"]
[Date "1988.??.??"]
[Round "?.1"]
[White "Stertenbrink, Guenter"]
[Black "Buecker, Stefan"]
[Result "1-0"]
[WhiteElo "2280"]
[BlackElo "2300"]
[PlyCount "79"]
[EventDate "1987.10.??"]
[EventType "team-tourn"]
[EventRounds "9"]
[EventCountry "GER"]
[SourceTitle "GER-chT2"]
[Source "ChessBase"]
[SourceDate "1999.07.01"]
[SourceVersion "1"]
[SourceVersionDate "1999.07.01"]
[SourceQuality "1"]
[WhiteTeam "Bielefeld"]
[BlackTeam "Nordwalde"]
[WhiteTeamCountry "GER"]
[BlackTeamCountry "GER"]

1. d4 c5 2. d5 Nf6 3. c4 e6 4. Nc3 exd5 5. cxd5 Bd6 6. Nf3 Bc7 7. Nd2 Be5 8. Nc4 d6 9. Nxe5 dxe5 10. e4 h6 11. f4 Nbd7 12. f5 c4 13. Qa4 0-0 14. Qxc4 a6 15. Qe2 b5 16. g4 b4 17. Na4 Nxe4 18. Qxe4 Qh4+ 19. Ke2 Nf6 20. Qg2 Nxg4 21. Rg1 Bxf5 22. h3 h5 23. hxg4 Bxg4+ 24. Kd2 Rac8 25. Qg3 Qf6 26. Ke1 Qd8 27. Be2 f5 28. Bxg4 fxg4 29. Bd2 Rc4 30. Rf1 Re4+ 31. Be3 Rxf1+ 32. Kxf1 Qxd5 33. Kg1 h4 34. Qf2 h3 35. Re1 Rf4 36. Bxf4 exf4 37. Qe2 Qd4+ 38. Kh1 Qd5+ 39. Qe4 Qg5 40. Qe8+ 1-0

[Event "BL2-West 8889"]
[Site "Germany"]
[Date "1988.??.??"]
[Round "?.1"]
[White "Stertenbrink, Guenter"]
[Black "Gawehns, Klaus"]
[Result "1/2-1/2"]
[WhiteElo "2280"]
[BlackElo "2355"]
[PlyCount "70"]
[EventDate "1988.10.??"]
[EventType "team-tourn"]
[EventRounds "9"]
[EventCountry "GER"]
[SourceTitle "GER-chT2"]
[Source "ChessBase"]
[SourceDate "1999.07.01"]
[SourceVersion "1"]
[SourceVersionDate "1999.07.01"]
[SourceQuality "1"]
[WhiteTeam "Enger Spenge"]
[BlackTeam "Godesberg"]
[WhiteTeamCountry "GER"]
[BlackTeamCountry "GER"]

1. e4 g6 2. d4 Bg7 3. Be3 d6 4. Qd2 Nd7 5. f3 a6 6. Ne2 c6 7. Nbc3 b5 8. g4 Nb6 9. b3 Qc7 10. a4 h5 11. g5 Bb7 12. Bh3 Bc8 13. Bg2 e6 14. 0-0 Ne7 15. Nf4 0-0 16. Nd3 Rd8 17. a5 Nd7 18. Ne2 e5 19. dxe5 dxe5 20. Rad1 Bb7 21. Qc3 c5 22. Nxc5 Nxc5 23. Qxc5 Nc6 24. Qb6 Qc8 25. Rxd8+ Nxd8 26. Rd1 Bf8 27. Rxd8 Qxd8 28. Qxb7 Rc8 29. c3 b4 30. c4 Bc5 31. Bxc5 Rxc5 32. Qxb4 Rxa5 33. Qc3 Ra2 34. Qe3 Ra1+ 35. Bf1 Qd1 1/2-1/2

[Event "Bundesliga 8687"]
[Site "Germany"]
[Date "1987.??.??"]
[Round "?.3"]
[White "Heinbuch, Detlef Ulrich"]
[Black "Stertenbrink, Guenter"]
[Result "1/2-1/2"]
[WhiteElo "2410"]
[BlackElo "2225"]
[PlyCount "51"]
[EventDate "1986.10.??"]
[EventType "team-tourn"]
[EventRounds "15"]
[EventCountry "GER"]
[SourceTitle "GER-chT"]
[Source "ChessBase"]
[SourceDate "1999.07.01"]
[SourceVersion "1"]
[SourceVersionDate "1999.07.01"]
[SourceQuality "1"]
[WhiteTeam "Koeln Porz"]
[BlackTeam "Enger Spenge"]
[WhiteTeamCountry "GER"]
[BlackTeamCountry "GER"]

1. d4 Nf6 2. Nf3 e6 3. a3 c5 4. dxc5 Bxc5 5. e3 d5 6. c4 0-0 7. Be2 dxc4 8. Bxc4 Qxd1+ 9. Kxd1 a6 10. b4 Be7 11. Bb2 b5 12. Bd3 Bb7 13. Nbd2 Nbd7 14. Ke2 Rac8 15. Rhc1 Rfd8 16. g3 Kf8 17. Nd4 Nb6 18. N4b3 Na4 19. Bd4 Nd7 20. f4 Bf6 21. Be4 Bd5 22. Bxd5 exd5 23. Bxf6 Nxf6 24. Kf3 Nd7 25. Rxc8 Rxc8 26. Rc1 1/2-1/2

[Event "Bundesliga 8687"]
[Site "Germany"]
[Date "1987.??.??"]
[Round "?.3"]
[White "Stertenbrink, Guenter"]
[Black "Muse, Mladen"]
[Result "0-1"]
[WhiteElo "2225"]
[BlackElo "2405"]
[PlyCount "84"]
[EventDate "1986.10.??"]
[EventType "team-tourn"]
[EventRounds "15"]
[EventCountry "GER"]
[SourceTitle "GER-chT"]
[Source "ChessBase"]
[SourceDate "1999.07.01"]
[SourceVersion "1"]
[SourceVersionDate "1999.07.01"]
[SourceQuality "1"]
[WhiteTeam "Enger Spenge"]
[BlackTeam "Lasker Steglitz"]
[WhiteTeamCountry "GER"]
[BlackTeamCountry "GER"]

1. e4 c5 2. Nf3 Nc6 3. d4 cxd4 4. Nxd4 Nf6 5. Nc3 e5 6. Ndb5 d6 7. Bg5 a6 8. Na3 b5 9. Bxf6 gxf6 10. Nd5 f5 11. c3 Bg7 12. Nxb5 axb5 13. Bxb5 Bd7 14. exf5 Rb8 15. a4 0-0 16. Qg4 Kh8 17. 0-0 Rg8 18. Qe4 Bh6 19. Rfd1 f6 20. Rd3 Ne7 21. Bxd7 Nxd5 22. Be6 Nf4 23. Bxg8 Nxd3 24. Qxd3 Kxg8 25. b4 d5 26. a5 Bf8 27. a6 Kh8 28. a7 Ra8 29. c4 Bxb4 30. Qxd5 Qxd5 31. cxd5 Bc5 32. Kf1 Rxa7 33. Rxa7 Bxa7 34. Ke2 Kg8 35. f3 Kf7 36. g4 Ke7 37. h4 h6 38. Kd3 Bf2 39. h5 Bh4 40. Ke4 Bg5 41. Kd3 Kd6 42. Kc4 Bf4 0-1

[Event "Bundesliga 8687"]
[Site "Germany"]
[Date "1987.??.??"]
[Round "?.2"]
[White "Wolf, Volker"]
[Black "Stertenbrink, Guenter"]
[Result "1/2-1/2"]
[WhiteElo "2315"]
[BlackElo "2225"]
[PlyCount "126"]
[EventDate "1986.10.??"]
[EventType "team-tourn"]
[EventRounds "15"]
[EventCountry "GER"]
[SourceTitle "GER-chT"]
[Source "ChessBase"]
[SourceDate "1999.07.01"]
[SourceVersion "1"]
[SourceVersionDate "1999.07.01"]
[SourceQuality "1"]
[WhiteTeam "Koblenz"]
[BlackTeam "Enger Spenge"]
[WhiteTeamCountry "GER"]
[BlackTeamCountry "GER"]

1. Nf3 c5 2. e4 g6 3. d4 cxd4 4. Nxd4 Bg7 5. Be2 Nc6 6. Nb3 b6 7. 0-0 Bb7 8. f4 d6 9. Nc3 Bxc3 10. bxc3 Nf6 11. Bf3 0-0 12. Qe2 Nd7 13. Rd1 Qc7 14. Bd2 Na5 15. Nxa5 Qc5+ 16. Kh1 Qxa5 17. Be1 Nc5 18. Rdb1 Rac8 19. Rb4 Qa6 20. Qxa6 Bxa6 21. a4 e5 22. Bh4 Nb7 23. Ra3 f6 24. f5 Na5 25. Be1 Bb7 26. fxg6 hxg6 27. Ra1 Kf7 28. Rd1 Ke7 29. g4 Rc4 30. Kg2 Bc6 31. Ra1 Rd8 32. h4 d5 33. exd5 Bxd5 34. Bxd5 Rxd5 35. Kf3 Ke6 36. Rxc4 Nxc4 37. h5 gxh5 38. gxh5 Kf5 39. h6 Kg6 40. Bh4 f5 41. Rg1+ Kxh6 42. Rg8 Ra5 43. Bg5+ Kh7 44. Rc8 Rxa4 45. Rc6 f4 46. Kg4 Ne3+ 47. Kh5 Rc4 48. Re6 Nf5 49. Rxe5 Ng7+ 50. Kg4 f3+ 51. Kxf3 Rxc3+ 52. Re3 Rc7 53. Re7 Rxe7 54. Bxe7 Kg6 55. Ke4 Kf7 56. Bd6 Ke6 57. Bb8 a6 58. Bc7 b5 59. c4 b4 60. Ba5 b3 61. Kd3 Nf5 62. Kc3 Nd4 63. Bb6 Nc6 1/2-1/2

[Event "Bundesliga 8687"]
[Site "Germany"]
[Date "1986.??.??"]
[Round "?.3"]
[White "Stertenbrink, Guenter"]
[Black "Bialas, Wolfram"]
[Result "1-0"]
[WhiteElo "2225"]
[BlackElo "2345"]
[PlyCount "81"]
[EventDate "1986.10.??"]
[EventType "team-tourn"]
[EventRounds "15"]
[EventCountry "GER"]
[SourceTitle "GER-chT"]
[Source "ChessBase"]
[SourceDate "1999.07.01"]
[SourceVersion "1"]
[SourceVersionDate "1999.07.01"]
[SourceQuality "1"]
[WhiteTeam "Enger Spenge"]
[BlackTeam "Sindelfingen"]
[WhiteTeamCountry "GER"]
[BlackTeamCountry "GER"]

1. e4 g6 2. d4 Bg7 3. Be3 d6 4. Qd2 c5 5. Ne2 Nd7 6. Nbc3 Rb8 7. dxc5 dxc5 8. Bf4 e5 9. Bg5 f6 10. Be3 Ne7 11. Nb5 Nc6 12. 0-0-0 0-0 13. Qd5+ Kh8 14. Nd6 Nb6 15. Qxc5 Be6 16. Nb5 Qxd1+ 17. Kxd1 Rfd8+ 18. Kc1 Bf8 19. Qc3 Bb4 20. Bxb6 axb6 21. Qf3 Bd2+ 22. Kb1 Bg5 23. Nec3 h5 24. h3 Rd2 25. Bd3 Nb4 26. Rd1 Rxd1+ 27. Qxd1 Rd8 28. Nc7 Bf7 29. Qf3 Nc6 30. N7d5 Nd4 31. Qd1 Rd6 32. g3 Kg7 33. a3 Be6 34. f4 Bh6 35. Qf1 exf4 36. gxf4 f5 37. Qf2 Nc6 38. Qxb6 fxe4 39. Bxe4 Bxh3 40. Qxb7+ Bd7 41. Qc7 1-0

[Event "Bundesliga 2-1985/86 West"]
[Site "Germany West"]
[Date "1985.12.22"]
[Round "3.1"]
[White "Stertenbrink, Guenter"]
[Black "Wiemer, Ralf"]
[Result "1-0"]
[WhiteElo "2225"]
[BlackElo "2290"]
[PlyCount "101"]
[EventDate "1985.11.10"]
[EventType "team-tourn"]
[EventRounds "9"]
[EventCountry "GER"]
[SourceTitle "EXT 2001"]
[Source "ChessBase"]
[SourceDate "2000.11.22"]
[SourceVersion "1"]
[SourceVersionDate "2000.11.22"]
[SourceQuality "1"]

1. e4 c5 2. Nf3 d6 3. d4 cxd4 4. Nxd4 Nf6 5. Nc3 Nc6 6. Bg5 e6 7. Qd2 Be7 8. 0-0-0 0-0 9. f4 Nxd4 10. Qxd4 Qa5 11. Bc4 Bd7 12. e5 dxe5 13. fxe5 Bc6 14. Bd2 Nd7 15. Nd5 Qd8 16. Nxe7+ Qxe7 17. Rhe1 Nb6 18. Bd3 Rfd8 19. Qg4 Rxd3 20. cxd3 Ba4 21. Bh6 f5 22. exf6 Rc8+ 23. Kb1 Bc2+ 24. Ka1 Bxd1 25. Rxd1 Qxf6 26. Be3 Rc2 27. Bd4 Qg6 28. Qf4 h6 29. Qb8+ Kh7 30. Qxb7 Qxg2 31. Qxg2 Rxg2 32. Rg1 Rxg1+ 33. Bxg1 Nc8 34. b4 e5 35. b5 Kg6 36. a4 Kf5 37. a5 e4 38. dxe4+ Kxe4 39. Bxa7 Kd5 40. a6 Nd6 41. b6 Kc6 42. b7 Nxb7 43. axb7 Kxb7 44. Bd4 g5 45. Kb2 Kc6 46. Kc3 Kd5 47. Kd3 h5 48. Bf6 g4 49. Ke3 Ke6 50. Bh4 Kf5 51. Bd8 1-0

[Event "Bundesliga 2-1985/86 West"]
[Site "Germany West"]
[Date "1985.11.10"]
[Round "1.1"]
[White "Stertenbrink, Guenter"]
[Black "Schmittdiel, Eckhard"]
[Result "1-0"]
[WhiteElo "2225"]
[BlackElo "2265"]
[PlyCount "111"]
[EventDate "1985.11.10"]
[EventType "team-tourn"]
[EventRounds "9"]
[EventCountry "GER"]
[SourceTitle "EXT 2001"]
[Source "ChessBase"]
[SourceDate "2000.11.22"]
[SourceVersion "1"]
[SourceVersionDate "2000.11.22"]
[SourceQuality "1"]

1. e4 e6 2. d4 d5 3. Nd2 Nf6 4. e5 Nfd7 5. c3 c5 6. f4 Nc6 7. Ndf3 Qb6 8. g3 f6 9. Bh3 cxd4 10. cxd4 Be7 11. Kf1 0-0 12. Kg2 fxe5 13. fxe5 Ndxe5 14. dxe5 Nxe5 15. Qe2 Nc4 16. b3 Bf6 17. Rb1 Bd7 18. Bg4 Rae8 19. Nh3 Nd6 20. Ba3 Bb5 21. Qf2 d4 22. Rhe1 e5 23. Bxd6 Qxd6 24. Bf5 g6 25. Be4 Bd8 26. Qd2 Re7 27. a4 Bc6 28. Qd3 Bd7 29. Nf2 Ref7 30. Rf1 Bf5 31. Rbe1 Bf6 32. g4 Be6 33. h3 Qa3 34. Rb1 Qe7 35. Rbc1 Bg7 36. Nh1 Rf4 37. Nd2 Bh6 38. Ng3 Qf7 39. Qe2 Qe7 40. Nc4 Qc5 41. Qd3 Bd5 42. Nd2 Qd6 43. Bxd5+ Qxd5+ 44. Nge4 Kh8 45. Qb5 Qe6 46. Qc4 Qe7 47. Qd3 Kg7 48. Rxf4 Bxf4 49. Rf1 Rc8 50. Rf3 Qb4 51. Nc4 Rd8 52. Qc2 Qe7 53. Nf2 h5 54. Qe4 Rd7 55. Nd3 hxg4 56. hxg4 1-0

[Event "Bundesliga 1984/85"]
[Site "Germany"]
[Date "1985.03.10"]
[Round "11.6"]
[White "Stertenbrink, Guenter"]
[Black "Cordes, Hans Joerg"]
[Result "1-0"]
[WhiteElo "2225"]
[BlackElo "2295"]
[PlyCount "91"]
[EventDate "1984.10.14"]
[EventType "team-tourn"]
[EventRounds "15"]
[EventCountry "GER"]
[SourceTitle "GER-chT"]
[Source "ChessBase"]
[SourceDate "1999.07.01"]
[SourceVersion "1"]
[SourceVersionDate "1999.07.01"]
[SourceQuality "1"]
[WhiteTeam "Enger Spenge"]
[BlackTeam "Hamburger SK"]
[WhiteTeamCountry "GER"]
[BlackTeamCountry "GER"]

1. e4 c5 2. Nf3 d6 3. d4 cxd4 4. Nxd4 Nf6 5. Nc3 a6 6. h3 e6 7. g4 b5 8. a3 Bb7 9. Bg2 d5 10. exd5 Nxd5 11. Nde2 Bc5 12. Nxd5 Bxd5 13. Bxd5 exd5 14. Nf4 0-0 15. Nxd5 Ra7 16. Ne3 Qf6 17. 0-0 Rd7 18. Qe2 Nc6 19. Nf5 Rfd8 20. a4 g6 21. axb5 axb5 22. Nh6+ Kh8 23. Qxb5 Qd6 24. Qd3 Nd4 25. b4 Bb6 26. Bb2 f6 27. Bxd4 Bxd4 28. Qb3 Qf4 29. Nf7+ Rxf7 30. Qxf7 Qg3+ 31. Kh1 Qxh3+ 32. Kg1 Qxg4+ 33. Kh1 Qf3+ 34. Kg1 Be5 35. Qe6 Qf4 36. Qh3 Bxa1 37. Rxa1 Qxb4 38. Ra7 Qe1+ 39. Kg2 Qe4+ 40. Kh2 Qe5+ 41. Kg2 Qe4+ 42. Kh2 Qf4+ 43. Kg2 h5 44. Qg3 Qe4+ 45. Kh2 Qxc2 46. Qf4 1-0

[Event "Bundesliga 1984/85"]
[Site "Germany"]
[Date "1985.01.13"]
[Round "7.6"]
[White "Stertenbrink, Guenter"]
[Black "Sonntag, Hans Hubert"]
[Result "0-1"]
[WhiteElo "2225"]
[BlackElo "2305"]
[PlyCount "94"]
[EventDate "1984.10.14"]
[EventType "team-tourn"]
[EventRounds "15"]
[EventCountry "GER"]
[SourceTitle "GER-chT"]
[Source "ChessBase"]
[SourceDate "1999.07.01"]
[SourceVersion "1"]
[SourceVersionDate "1999.07.01"]
[SourceQuality "1"]
[WhiteTeam "Enger Spenge"]
[BlackTeam "Bochum"]
[WhiteTeamCountry "GER"]
[BlackTeamCountry "GER"]

1. e4 e5 2. Nf3 Nc6 3. Nc3 Nf6 4. Bb5 Bb4 5. 0-0 0-0 6. d3 Bxc3 7. bxc3 d6 8. Ne1 Ne7 9. Bc4 Ng6 10. Bg5 h6 11. Bxf6 Qxf6 12. Rb1 Rb8 13. d4 Be6 14. Bb3 Rfe8 15. f3 Red8 16. d5 Bd7 17. c4 b6 18. Nd3 a5 19. c3 Qg5 20. g3 f5 21. exf5 Bxf5 22. Bc2 Rf8 23. Qc1 Qf6 24. Ne1 Rbe8 25. Qe3 Re7 26. Be4 Bxe4 27. Qxe4 Qg5 28. Ng2 Ref7 29. Rf2 Re7 30. Rbf1 Rfe8 31. Kh1 Nf8 32. Nh4 Nd7 33. Ng2 Nc5 34. Qc2 Rf7 35. f4 Qf5 36. Qxf5 Rxf5 37. Ne3 Rh5 38. f5 Ne4 39. Rg2 Nxc3 40. h4 Rf8 41. Rh2 g5 42. f6 Ne4 43. Kg2 gxh4 44. gxh4 Rxf6 45. Rxf6 Nxf6 46. Kh3 e4 47. Rf2 Ne8 0-1

[Event "Bundesliga 1982/83"]
[Site "Germany"]
[Date "1983.05.08"]
[Round "15.6"]
[White "Stertenbrink, Guenter"]
[Black "Heinbuch, Detlef Ulrich"]
[Result "1-0"]
[WhiteElo "2225"]
[BlackElo "2255"]
[PlyCount "95"]
[EventDate "1982.10.10"]
[EventType "team-tourn"]
[EventRounds "15"]
[EventCountry "GER"]
[SourceTitle "GER-chT"]
[Source "ChessBase"]
[SourceDate "1999.07.01"]
[SourceVersion "1"]
[SourceVersionDate "1999.07.01"]
[SourceQuality "1"]
[WhiteTeam "Enger Spenge"]
[BlackTeam "Bochum"]
[WhiteTeamCountry "GER"]
[BlackTeamCountry "GER"]

1. e4 c5 2. Nf3 Nc6 3. d4 cxd4 4. Nxd4 Nf6 5. Nc3 d6 6. f4 e5 7. Nf3 Bg4 8. h3 Bxf3 9. Qxf3 Be7 10. Be3 exf4 11. Bxf4 0-0 12. 0-0-0 Qa5 13. Bxd6 Bxd6 14. Rxd6 Rac8 15. Kb1 Nb4 16. a3 Rxc3 17. Qxc3 Nxe4 18. Qxb4 Qxb4 19. axb4 Nxd6 20. Bd3 Re8 21. Kc1 Kf8 22. Rf1 g6 23. b3 Re5 24. c4 Ke7 25. Kd2 a6 26. Ra1 Rg5 27. g4 h5 28. Ra5 Rxa5 29. bxa5 hxg4 30. hxg4 f5 31. c5 Nf7 32. gxf5 gxf5 33. Bxf5 Kd8 34. Kc3 Ne5 35. Be4 Kc7 36. Kd4 Nd7 37. Bf3 Nf6 38. Ke5 Nd7+ 39. Kd5 Nf6+ 40. Ke6 Nd7 41. b4 Nb8 42. Ke7 Nc6+ 43. Bxc6 Kxc6 44. Kd8 Kb5 45. Kc7 Kxb4 46. Kb6 Kc4 47. c6 bxc6 48. Kxa6 1-0

[Event "Bundesliga 1982/83"]
[Site "Germany"]
[Date "1983.05.07"]
[Round "14.6"]
[White "Westerinen, Heikki MJ"]
[Black "Stertenbrink, Guenter"]
[Result "1-0"]
[WhiteElo "2355"]
[BlackElo "2225"]
[PlyCount "68"]
[EventDate "1982.10.10"]
[EventType "team-tourn"]
[EventRounds "15"]
[EventCountry "GER"]
[SourceTitle "GER-chT"]
[Source "ChessBase"]
[SourceDate "1999.07.01"]
[SourceVersion "1"]
[SourceVersionDate "1999.07.01"]
[SourceQuality "1"]
[WhiteTeam "Solingen"]
[BlackTeam "Enger Spenge"]
[WhiteTeamCountry "GER"]
[BlackTeamCountry "GER"]

1. e4 c5 2. c3 d5 3. exd5 Qxd5 4. d4 Nf6 5. Na3 a6 6. Nf3 cxd4 7. cxd4 Bg4 8. Be2 Nc6 9. 0-0 Rd8 10. Be3 e6 11. Qa4 Qa5 12. Qb3 Qb4 13. Qc2 Bd6 14. Nc4 Bb8 15. a3 Qe7 16. Nce5 Bxf3 17. Nxf3 Qd6 18. Rfd1 Nd5 19. Bg5 f6 20. Bh4 Qd7 21. Bg3 Ba7 22. Bc4 0-0 23. Qe2 Rfe8 24. Rd2 Na5 25. Ba2 Qb5 26. Rd3 Rc8 27. Re1 Qd7 28. Nd2 Rc2 29. Qe4 f5 30. Qf3 Rd8 31. Bh4 Rxb2 32. Bxd8 Qxd8 33. Bxd5 Qxd5 34. Qxd5 exd5 1-0